Statistics for Super Smash Bros. Fighters #21 - The Marth Quiz

Click here to take the quiz!

General Stats

  • This quiz has been taken 68 times
  • The average score is 8 of 15

Answer Stats

HintAnswer% Correct
Which character pretended to be Marth in Fire Emblem Awakening?Lucina
94%
What is the name of Marth’s sword?Falchion
80%
What Fire Emblem game is Marth from?Fire Emblem: {Shadow} {Dragon} {and} {the} {Blade} {of} {Light}
80%
What is Marth’s final smash?Critical Hit
67%
What is Marth’s class in Fire Emblem?Lord
63%
What kingdom is Marth the prince of?Altea
61%
Fire Emblem’s turn based mechanic is represented in Smash Bros. with which of Marth’s moves?Counter
61%
Who is Marth’s wife?Caeda
57%
What was the second game Marth appeared in?Fire Emblem: {Mystery} {of} {the} {Emblem}
57%
In Smash Bros., Marth’s sword does more damage at the tip. What is this mechanic called?Tipper
57%
What dark dragon did Marth have to slay in this game?Medeus
45%
Who is Marth’s sister?Elice
39%
Marth is erroneously referred to as what in the Fire Emblem anime?Mars
35%
Name a Marth unit in Fire Emblem Heroes:Altean Prince, Altean Groom…
29%
What is Marth’s last name?Lowell
22%

Score Distribution

Percentile by Number Answered

Percent of People with Each Score

Your Score History

You have not taken this quiz